Sports Quiz

Random Sports Quiz
Score 0/16 Timer 07:00
0 Plays Today
League Team % Correct
NFLPackers
89%
NBAThunder
86.8%
NHLCanucks
86.8%
NFLJaguars
83.5%
NBASpurs
83.5%
NHLCanadiens
82.4%
NHLOilers
80.2%
NBAKings
80.2%
League Team % Correct
NBATrail Blazers
78%
NBAJazz
76.9%
NHLFlames
76.9%
NHLBlue Jackets
74.7%
NBAGrizzlies
72.5%
NHLSenators
71.4%
NBAMagic
64.8%
NHLHurricanes
50.5%
Remove Ads.
Support Sporcle.
Get the best of Sporcle when you Go Orange. This ad-free experience offers more features, more stats, and more fun while also helping to support Sporcle. Thank you for becoming a member.

You're not logged in!

Compare scores with friends on all Sporcle quizzes.
OR
Log In

You Might Also Like...

Show Comments

Extras

Top Quizzes Today


Score Distribution

Your Account Isn't Verified!

In order to create a playlist on Sporcle, you need to verify the email address you used during registration. Go to your Sporcle Settings to finish the process.

Report this User

Report this user for behavior that violates our Community Guidelines.

Details: